Modificación química y enzimatica de antibióticos B-lactamicos : un estudio experimental sobre procesos de modificación de antibióticos y diseno preliminar de sistemas noveles de transferencia de masa y separación aplicables a estos procesos
Guardat en:
| Autor principal: | |
|---|---|
| Format: | Llibre |
| Publicat: |
San José, Costa Rica
1992
|
| Matèries: | |
| Etiquetes: |
Afegir etiqueta
Sense etiquetes, Sigues el primer a etiquetar aquest registre!
|
MARC
| LEADER | 00000nam a2200000Ia 4500 | ||
|---|---|---|---|
| 003 | 005583 | ||
| 005 | 20221231144318.0 | ||
| 008 | 140114s1992 cr a m 000 ||s d | ||
| 040 | |c cru CEDI | ||
| 090 | |a TFG 2690 | ||
| 100 | |a Wattson Gómez, Rodolfo |9 12193 | ||
| 245 | |a Modificación química y enzimatica de antibióticos B-lactamicos : un estudio experimental sobre procesos de modificación de antibióticos y diseno preliminar de sistemas noveles de transferencia de masa y separación aplicables a estos procesos | ||
| 260 | |c 1992 |a San José, Costa Rica | ||
| 300 | |a 251 hojas : ilustraciones ; 28 cm. | ||
| 500 | |a Proyecto de graduación (licenciatura en ingeniería química)--Universidad de Costa Rica. Facultad de Ingeniería. Escuela de Ingeniería Química | ||
| 650 | |x ANTIBIOTICOS |x TRANSFERENCIA DE MASA |9 12194 | ||
| 942 | |c TFG | ||
| 999 | |c 19985 |d 19985 | ||
